Estatísticas para Personagens de Bob Esponja

Clique aqui para jogar o quiz

Estatísticas Gerais

  • Esse quiz foi jogado 6 163 vezes
  • A pontuação média é 9 de 25

Estatísticas das Respostas

DescriçãoPersonagem% Correto
Melhor amigo do Bob EsponjaPatrick Estrela
100%
Vizinho mal-humoradoLula Molusco
96%
Dono do Siri CascudoSeu Sirigueijo
91%
Dono do Balde de LixoPlankton
86%
Esquilo do TexasSandy Bochechas
81%
Caracol de estimaçãoGary
78%
Filha do personagem acimaPérola Sirigueijo
56%
Herói parceiro do de cimaMexilhãozinho
48%
Um computador, esposa do de cimaKaren
45%
Instrutora da escola de pilotagemSra. Puff
45%
Super-heroi idosoHomem-Sereia
42%
Pirata fantasmaHolandês Voador
35%
Salva-vidas da Lagoa GooLarry, a Lagosta
35%
Vilão que batalha com o super-heroiBolha Suja
10%
Rival rico do de cimaSquilliam Fancyson
9%
Vilão que batalha com o super-heroiHomem Raio
6%
Papagaio de estimação do de cimaPotty, o Papagaio
5%
Pirata / Presidente de fã-clubePatchy, o Pirata
4%
Pai do Bob EsponjaHarold Calça Quadrada
3%
Mãe do Bob EsponjaMargaret Calça Quadrada
3%
Âncora do jornal da Fenda do BiquiniCabeça de Peixe Realista
2%
Policial (peixe laranja)Oficial John
2%
Âncora do jornal da Fenda do BiquiniPerch Perkins
2%
Doutor da Fenda do BiquiniDr. Gill Gilliam
1%
Policial (peixe roxo)Oficial Nancy
1%

Distribuição das Pontuações

Percentil de Números Respondidos

Porcentagem de Pessoas com Cada Pontuação

Sua Pontuação Histórica

Você não jogou esse quiz